00604nam a22002057a 450000500170000001000220001702000260003903500170006503500140008203500130009603700170010908200080012610000210013424500690015526000250022427000740024930000310032350000190035470000250037320170719165753.0 a1617EN ENG-116838 a9789332569911c579.00 aB-652120-129 aEN-100370 aB-666220 adplbPragati a302 aBaron, Robert A. aSocial Psychology /cby Robert A. Baron [and] Nyla R. Branscombe aNoidabPearsonc2016 a7th Floor, Knowledge Boulevard, Sector 62bNoidae201309 (U.P.) India axxv,481p.c25cm(pbk)bill. aincludes index aBranscombe, Nyla R.